000 00544nam a22001817a 4500
005 20231206122006.0
008 231206b |||||||| |||| 00| 0 eng d
020 _a0702165654 ; 0702165727
041 _aEnglish
082 _a348 JUT
100 _lEnglish
245 _aJuta's Statutes of South Africa /
_cJUTA'S LAW STATUTES EDITORS
250 _aThirteenth Edition
260 _aCape Town :
_bJuta Law,
_c2003
300 _b419 pages ;
_c26 cm.
650 _aLegal practice
_bLaw
942 _cBK
_6ALISON_BN_VRIES
999 _c1146
_d1146